| 000 | | | 04108nmc2a2200000 x 450 |
| 001 | | | 2ab29765-0146-40f3-92c3-707b50437cb6 |
| 005 | | | 20170125175601.0 |
| 100 | ## | $a | 20140326l18811882k l0rusy0189 ca |
| 101 | 0# | $a | rus |
| 102 | ## | $a | RU |
| 200 | 1# | $a | Дело о выкупе земельных наделов временнообязанными крестьянами Н.К., Р.К. и К.К. Преженцовых села Морячева Брянского уезда Орловской губернии |
| | $j | 4 марта 1881 г. - 23 февраля 1882 г. |
| 251 | ## | $c | Дело |
| 300 | ## | $a | Дело |
| 300 | ## | $a | Ориг. заголовок дела: Дело Преженцовых Н.К., Р.К. и К.К. Орловской губернии Брянского уезда села Морачева. 4 марта 1881 г. - 23 февраля 1882 г |
| 801 | #0 | $a | RU |
| | $b | РГИА |
| | $c | 20140326 |
| | $g | RCR |
| 801 | #1 | $a | RU |
| | $b | ГлавНИВЦ |
| | $c | 20140326 |
| | $2 | rusmarc |
| 801 | #2 | $a | RU |
| | $b | ПБ им. Б.Н. Ельцина |
| | $c | 20170125 |
| | $g | RCR |
| | $2 | rusmarc |
| 850 | ## | $a | РГИА |
| 852 | ## | $a | РГИА |
| | $e | Федеральное казенное учреждение "Российский государственный исторический архив" (РГИА) |
| | $j | 517 |
| 937 | ## | $h | РГИА |
| | $d | 11013689 |
| | $a | ASBIBLIO_SCAN |
| 462 | #0 | $1 | 0012327ab3a-0548-404e-b4cb-e37355ac5039 |
| | $1 | 2001 |
| | $a | 1863-1889 гг. |
| | $1 | 251 |
| | $c | Опись |
| | $1 | 852 |
| | $j | 26 |
| 461 | #0 | $1 | 0018ef30ad5-ff5c-4840-a721-74c62a200f95 |
| | $1 | 2001 |
| | $a | Главное выкупное учреждение Министерства финансов |
| | $1 | 251 |
| | $c | Фонд |
| | $1 | 852 |
| | $j | 577 |
| 215 | ## | $a | 110 л. |
| | $d | 36,5х26 см |
| 371 | ## | $a | Документ не является опубликованным и широко распространяемым |
| 105 | ## | $a | y### |
| 122 | 2# | $a | d |
| 517 | 1# | $a | Дело Преженцовых Н.К., Р.К. и К.К. Орловской губернии Брянского уезда села Морачева. 4 марта 1881 г. - 23 февраля 1882 г. |
| 035 | ## | $a | 2ab29765-0146-40f3-92c3-707b50437cb6 |
| 856 | ## | $u | http://readingroom.main.prlib.ru/item.aspx?id_node=n94984367&mode=full |